000 00277nam a22001097a 4500
008 170112b xxu||||| |||| 00| 0 eng d
020 _a9780323030212
041 _aeng
080 _27TH
_a618.2
245 _aDIAGNOSTIC AND LABORATORY TEST REFERENCE
_cPAGANA, K.D
942 _2udc
_cBK
999 _c2734
_d2734